| 000 | 01043nam0a2200301 4500 | ||
|---|---|---|---|
| 001 | RU\NLR\BIBL_A\011995193 | ||
| 005 | 20190513161441.0 | ||
| 010 |
_a978-5-04-100066-0 _94000 |
||
| 021 |
_aRU _bКН-П-19-022778 _9КН-П-19-1719 |
||
| 035 | _a(NLR Aleph) 011995193 | ||
| 035 | _a(RuMoRGB)009935010 | ||
| 090 |
_a11377920 _c11377920 |
||
| 100 | _a20190422d2019 m y0rusy50 ca | ||
| 101 | 1 |
_arus _cfre |
|
| 102 | _aRU | ||
| 105 | _aa z 000ay | ||
| 200 | 1 |
_aПоследний секрет _fБернар Вербер _g[перевод с французского Аркадия Кабалкина] |
|
| 210 |
_aМосква _cЭксмо _d2019 |
||
| 215 |
_a348, [2] с. _d20 |
||
| 225 | 1 | _aБесконечная Вселенная Бернара Вербера | |
| 333 | _a16+ | ||
| 686 | 1 | _aШ6(4Фр)67-446{Лх1649-60} | |
| 700 | 1 |
_aВербер _bБ. _f1961- _gБернар _3RU\NLR\AUTH\770178439 |
|
| 942 | _cBOOK | ||
| 980 | _aNBR | ||
| 980 | _aNB | ||